| 000 | 00538cam a22002051 4500 | ||
|---|---|---|---|
| 001 | he 67000377 | ||
| 003 | DLC | ||
| 005 | 20260227111444.0 | ||
| 008 | 840119s1966 is a 000 0 heb | ||
| 010 | _ahe 67000377 | ||
| 035 | _a(OCoLC)19151176 | ||
| 040 |
_aDLC _cMH _dCU _dDLC |
||
| 042 | _apremarc | ||
| 050 | 0 | 0 |
_aPJ5053.K3515 _bB3 |
| 100 | 1 |
_aKahana, Bathyah, _d1901- |
|
| 245 | 1 | 0 |
_aBa-ʻarov ha-yom / _cBatyah Kahana. |
| 260 |
_a[Tel Aviv] : _bAlef, _c[1966] |
||
| 300 |
_a115 p. : _bill. ; _c22 cm. |
||
| 752 |
_aIsrael _dTel Aviv |
||
| 999 |
_c32181 _d32181 |
||